[Event "Mechanics' Alan Benson TNM; G/2"]
[Site "San Francisco"]
[Date "2016.08.23"]
[Round "4.2"]
[White "Tsodikova, Natalya"]
[Black "Winslow, Elliott C"]
[Result "1-0"]
[WhiteElo "2195"]
[BlackElo "2321"]
[Annotator "Donaldson"]
[PlyCount "103"]
[EventDate "2016.??.??"]

1. d4 Nf6 2. c4 g6 3. Nc3 Bg7 4. e4 d6 5. Be2 O-O 6. Nf3 e5 7. d5 a5 8. O-O Na6
9. Bg5 h6 10. Bh4 g5 11. Bg3 Nh5 12. Ne1 (12. Nd2 {is the key alternative.})
12... Nf4 13. Bg4 Nc5 (13... f5 {Averbakh-Stein, Kislovodsk 1964.}) 14. Bxc8 (
14. f3 {is another possibility.}) 14... Qxc8 (14... Rxc8 {
Sosonko-Piket, Dutch ch. 1994.}) 15. f3 f5 16. Bf2 {Diagr} h5 $6 (16... fxe4
17. Bxc5 exf3 $5 {was worth considering.}) 17. Bxc5 $1 dxc5 18. Nc2 g4 19. fxg4
fxg4 20. Ne3 {Diagr White's control of f5 plus the good knight versus bad
bishop give her a clear advantage.} Ra6 21. Na4 (21. Nf5 {was the more
staightforward way of handling the position. The text wins a pawn as ...b6
would lock in the rook.}) 21... Rg6 22. Nxc5 g3 {Diagr} 23. Nd3 (23. Ne6 $1
Nxe6 24. Nf5 $1 Rf7 25. dxe6 Qxe6 26. Qxh5 $18 {looks even stronger.}) 23...
gxh2+ 24. Kh1 Qd8 25. Nxf4 exf4 26. Nf5 Qg5 27. Qd2 Be5 28. c5 Kh7 29. Rac1
Rfg8 30. Rc2 h4 31. Rf3 Qg4 32. Qf2 $2 (32. Ne7) (32. Qd3) 32... h3 $1 33. Qh4+
Qxh4 34. Nxh4 hxg2+ 35. Rxg2 Rg3 36. Rf1 {Diagr} R8g4 $2 (36... Rxg2 37. Nxg2
Rg3 $11 38. Nxf4 $4 Rg1+) 37. Rxh2 $18 Kg8 38. Nf5 f3 39. Nh6+ Kg7 40. Nxg4
Rxg4 41. Rh3 Rxe4 42. Rhxf3 Rh4+ 43. Kg1 Rg4+ 44. Kf2 Bxb2 45. Ke2 Be5 46. Rd1
Rg6 47. Rf5 Bh2 48. Rh1 Rg2+ 49. Rf2 Rxf2+ 50. Kxf2 Be5 51. Kf3 b6 52. Ke4 1-0

[Event "Mechanics' Fall TNM; G/2"]
[Site "San Francisco"]
[Date "2016.10.18"]
[Round "1.24"]
[White "Tuck, Drew"]
[Black "Askin, David Benja"]
[Result "0-1"]
[WhiteElo "1341"]
[BlackElo "1942"]
[Annotator "Donaldson"]
[PlyCount "72"]
[EventDate "2016.??.??"]

1. e4 c6 2. d4 d5 3. exd5 cxd5 4. c4 Nf6 5. Nc3 e6 6. Nf3 Bb4 7. Qc2 Nc6 8. a3
Qa5 9. Bd2 O-O 10. c5 Bxc3 11. Bxc3 Qc7 12. Bd3 Qf4 13. O-O Ne4 14. Rfe1 f5 15.
b4 a6 16. a4 Bd7 17. b5 Nd8 18. Ne5 Be8 19. Bb4 axb5 20. axb5 Rxa1 21. Rxa1 Nf6
22. Qb2 Nf7 23. c6 Nxe5 24. dxe5 Ng4 25. g3 Qh6 26. f4 bxc6 27. Bxf8 Kxf8 28.
b6 g5 29. b7 gxf4 30. b8=Q fxg3 31. Q8b4+ (31. Q2b4+ {won immediately}) 31...
Kg8 32. Q4d2 (32. Qe7 $18) 32... gxh2+ 33. Qxh2 $4 (33. Kh1 $18) 33... Nxh2 $11
34. Qxh2 $2 (34. Qb8 Qe3+ 35. Kxh2 Qf2+ $11) 34... Qe3+ 35. Qf2 Qxd3 36. Ra7 (
36. Ra8) 36... Bh5 {Resignation is premature. White is much worse but he still
could have fought on with 37.Ra8+.} 0-1

[Event "Mechanics' Fall TNM; G/2"]
[Site "San Francisco"]
[Date "2016.12.06"]
[Round "8.30"]
[White "Tuck, Drew"]
[Black "Erickson, Lane Aus"]
[Result "0-1"]
[WhiteElo "1341"]
[BlackElo "1558"]
[Annotator "Donaldson"]
[PlyCount "116"]
[EventDate "2016.??.??"]

1. e4 c6 2. d4 d5 3. exd5 cxd5 4. c4 Nf6 5. Nc3 Nc6 6. Bg5 Be6 7. Be2 g6 $2 {
Diagram [#]} (7... Qa5) 8. Bf3 $1 Bf5 9. Bxf6 (9. cxd5 $1) 9... exf6 10. cxd5 (
10. Nxd5 $1) 10... Nb4 11. Qe2+ (11. Kf1) 11... Qe7 12. Qxe7+ Bxe7 13. O-O-O (
13. Ke2 $2) 13... Nd3+ 14. Rxd3 Bxd3 15. Nge2 O-O-O 16. Re1 f5 17. Kd2 Ba6 18.
a3 Bg5+ 19. Kd1 Rhe8 20. b4 Bc4 21. Kc2 Rd7 22. Rd1 Kb8 23. Nc1 Rc8 24. N1e2
Bxd5 25. Bxd5 Rxd5 26. Rd3 Bf6 27. Kb3 Rd7 28. d5 a6 29. a4 g5 30. Rh3 h5 31.
Rxh5 Rh8 32. Rxh8+ Bxh8 33. Kc4 Kc8 34. a5 Be5 35. Na4 Rc7+ 36. Kd3 Bd6 37. Nd4
Bxb4 38. Nb6+ Kd8 39. Nc4 f4 40. Nf3 f6 41. Nd4 Ke8 42. Ne6 Rh7 43. h3 f3 44.
gxf3 Rxh3 45. Ke4 Rh4+ 46. Kd3 Rh1 47. Ke4 Ra1 48. Kf5 Ke7 49. f4 gxf4 50. Nxf4
Bxa5 51. Ng6+ Kd7 52. Kxf6 Bc3+ 53. Kf5 b5 54. Ne3 b4 55. Ne5+ Bxe5 56. Kxe5 b3
57. Nc4 Rc1 58. Nb2 Rc2 0-1

[Event "Mechanics' Fall TNM; G/2"]
[Site "San Francisco"]
[Date "2016.11.01"]
[Round "3.37"]
[White "Tuck, Drew"]
[Black "MacIntyre, Brendan"]
[Result "1-0"]
[WhiteElo "1341"]
[BlackElo "1548"]
[PlyCount "49"]
[EventDate "2016.??.??"]

1. e4 c5 2. Nf3 Nc6 3. d4 cxd4 4. Nxd4 d6 5. c4 g6 6. Nc3 Bg7 7. Be3 Nf6 8. Be2
O-O 9. O-O Bd7 10. Qd2 Rc8 11. f3 a6 12. Rac1 Re8 13. Rfd1 Qa5 14. Nb3 Qb4 15.
Qc2 d5 16. Bc5 Qxc3 17. bxc3 dxe4 18. fxe4 Bg4 19. Bxg4 Nxg4 20. Qe2 h5 21. Rd7
Bh6 22. Rcd1 Bg7 23. Rxb7 Bxc3 24. Bd4 Bxd4+ 25. Nxd4 1-0

[Event "Mechanics' Fall TNM; G/2"]
[Site "San Francisco"]
[Date "2016.11.08"]
[Round "4.24"]
[White "Tuck, Drew"]
[Black "Rakonitz, David"]
[Result "0-1"]
[WhiteElo "1341"]
[BlackElo "1646"]
[Annotator "Donaldson"]
[PlyCount "50"]
[EventDate "2016.??.??"]

1. e4 e6 2. d4 d5 3. Nd2 a6 4. Ngf3 c5 5. exd5 exd5 6. Bd3 Nf6 7. O-O c4 8. Be2
Bd6 9. b3 b5 10. a4 c3 11. Nb1 $4 {
This move, trapping the knight, loses. White had to sacrifice by} (11. axb5
cxd2 12. Bxd2 {when} O-O 13. c4 {followed by c5 leads to interesting play.})
11... b4 12. Re1 O-O 13. Bg5 h6 14. Bh4 Bf5 15. Ne5 Nbd7 16. Bf3 Be6 17. Bg3
Qc7 18. a5 Nb8 19. Nd3 Nc6 20. Ne5 Rfd8 21. Re3 Nxa5 22. Qe2 Qb6 23. Qd3 Nc6
24. Be2 Nxd4 25. Bf1 Bf5 0-1

[Event "Mechanics' Winter TNM; G/2"]
[Site "San Francisco"]
[Date "2016.02.09"]
[Round "6.20"]
[White "Tungkitkancharoen, Songtham"]
[Black "Handler, Andrew To"]
[Result "1-0"]
[WhiteElo "1380"]
[BlackElo "1752"]
[PlyCount "27"]
[EventDate "2016.??.??"]

1. e4 c5 2. f4 d5 3. exd5 Nf6 4. Nc3 Nxd5 5. Nxd5 Qxd5 6. Nf3 Nc6 7. b3 Bg4 8.
d3 Nd4 9. Be2 Nxe2 10. Qxe2 Bxf3 11. Qxf3 Qxf3 12. gxf3 e6 13. Bb2 g6 $4 14.
Bxh8 1-0

[Event "Mechanics' Winter TNM; G/2"]
[Site "San Francisco"]
[Date "2016.02.23"]
[Round "8.21"]
[White "Tungkitkancharoen, Songtham"]
[Black "Nelson, Christopher"]
[Result "0-1"]
[WhiteElo "1380"]
[BlackElo "1732"]
[PlyCount "82"]
[EventDate "2016.??.??"]

1. e4 e6 2. d4 d5 3. exd5 exd5 4. c4 Bb4+ 5. Nc3 Qe7+ 6. Be3 Nf6 7. a3 Bxc3+ 8.
bxc3 O-O 9. Nf3 Bg4 10. Be2 Nbd7 11. O-O c6 12. Re1 Ne4 13. Qc1 Be6 14. cxd5
cxd5 15. Ng5 Rac8 16. Nxe4 dxe4 17. Bg5 f6 18. Bd2 Qf7 19. Bb5 Qg6 20. Qb1 f5
21. Bxd7 Bxd7 22. Qxb7 Bc6 23. Qb3+ Kh8 24. d5 Rb8 25. Qa2 Bd7 26. Qc2 Rb5 27.
c4 Rc8 28. Qa2 Rbc5 29. Rac1 Qa6 30. d6 Rxc4 31. Rxc4 Rxc4 32. Rb1 Rc8 33. Bb4
Qc6 34. h3 Qc2 35. Qa1 h6 36. Rd1 f4 37. Qd4 e3 38. Re1 Qxf2+ 39. Kh2 Rc2 40.
Qe4 Bc6 41. Qxc6 Rxc6 0-1

[Event "Mechanics' Winter TNM; G/2"]
[Site "San Francisco"]
[Date "2016.02.02"]
[Round "5.31"]
[White "Tungkitkancharoen, Songtham"]
[Black "Starr, Albert Mart"]
[Result "1-0"]
[WhiteElo "1380"]
[BlackElo "1623"]
[PlyCount "55"]
[EventDate "2016.??.??"]

1. e4 e5 2. Nf3 Nf6 3. Bc4 Nxe4 4. d3 Nd6 5. Qe2 f6 6. O-O Nxc4 7. dxc4 Be7 8.
Nc3 O-O 9. Nd5 b6 10. Nxe7+ Qxe7 11. a4 Ba6 12. b3 Qf7 13. Qe4 Nc6 14. Ba3 Rfd8
15. Rfd1 Ne7 16. Rxd7 c5 17. Rad1 Qe8 18. R7d3 Rdb8 19. Nh4 Bb7 20. Qg4 Nc6 21.
Nf5 g6 22. Nd6 Qe7 23. Nf5 Qc7 24. Bc1 Bc8 25. Nh6+ Kh8 26. Qf3 Nd4 27. Qxf6+
Qg7 28. Qd8+ 1-0

[Event "Mechanics' Fall TNM; G/2"]
[Site "San Francisco"]
[Date "2016.12.06"]
[Round "8.10"]
[White "Uzzaman, Ashik"]
[Black "Boldi, Ethan Vaugh"]
[Result "1-0"]
[WhiteElo "1979"]
[BlackElo "1811"]
[PlyCount "43"]
[EventDate "2016.??.??"]

1. e4 e6 2. d4 d5 3. Nc3 Nf6 4. Bg5 dxe4 5. Nxe4 Be7 6. Bxf6 Bxf6 7. Nf3 Nc6 8.
c3 Qd5 9. Bd3 Bd7 10. O-O Qh5 11. Re1 Rd8 12. Qc2 a6 13. Rad1 b5 14. Nc5 Ra8
15. Be4 Rd8 16. Nxd7 Kxd7 17. Ne5+ Nxe5 18. dxe5+ Ke7 19. exf6+ gxf6 20. Rxd8
Rxd8 21. Bf3 Qh6 22. Rd1 {White later won.} 1-0

[Event "Mechanics' Spring TNM; G/2"]
[Site "San Francisco"]
[Date "2016.05.03"]
[Round "8.15"]
[White "Uzzaman, Ashik"]
[Black "Campers Jr, Willie"]
[Result "1-0"]
[WhiteElo "1991"]
[BlackElo "1673"]
[Annotator "Donaldson"]
[PlyCount "33"]
[EventDate "2016.??.??"]

1. e4 e6 2. d4 d5 3. Nc3 Nf6 4. Bg5 Be7 5. e5 Nfd7 6. Bxe7 Qxe7 7. f4 c5 (7...
a6) 8. Nb5 Nb6 (8... O-O 9. Nc7 cxd4 10. Nxa8 Nc6 11. Nf3 f6 {
is not correct but the best practical try.}) 9. Nd6+ Kf8 10. dxc5 N8d7 11. cxb6
axb6 12. Nf3 Nc5 13. Bd3 Bd7 14. O-O Bc6 15. Ng5 Be8 16. Qh5 f5 17. Nxe8 1-0

[Event "Mechanics' Spring TNM; G/2"]
[Site "San Francisco"]
[Date "2016.03.22"]
[Round "2.12"]
[White "Uzzaman, Ashik"]
[Black "Cohee, James"]
[Result "1-0"]
[WhiteElo "1991"]
[BlackElo "1673"]
[Annotator "Donaldson"]
[PlyCount "33"]
[EventDate "2016.??.??"]

1. e4 c5 2. Nc3 a6 3. f4 d6 4. Nf3 Nf6 5. g3 b5 6. d3 Bb7 7. Bg2 e6 8. O-O Be7
9. e5 dxe5 10. fxe5 Nd5 11. Ne4 O-O 12. Nfg5 $1 h6 {Diagram [#]} 13. Nh3 (13.
Nxf7 Rxf7 14. Rxf7 Kxf7 15. Qh5+ Kg8 16. Bxh6 gxh6 (16... Nd7 17. Qg6 Bf8 (
17... Qf8 18. Rf1) 18. Ng5 $18) 17. Qg6+ Kh8 18. Qxh6+ Kg8 19. Rf1 Nd7 20. Qg6+
Kh8 21. Rf7 Qg8 22. Qh5+ $18) 13... Qc7 (13... Nd7 $11) 14. Qg4 Qxe5 15. Bxh6
f5 $2 (15... Nd7 $11) 16. Qg6 $1 Nd7 (16... fxe4 17. Bxe4 $18) 17. Nhg5 1-0

[Event "Mechanics' Spring TNM; G/2"]
[Site "San Francisco"]
[Date "2016.04.26"]
[Round "7.15"]
[White "Uzzaman, Ashik"]
[Black "Harmon, Fredrick G"]
[Result "1/2-1/2"]
[WhiteElo "1991"]
[BlackElo "1812"]
[PlyCount "43"]
[EventDate "2016.??.??"]

1. e4 c5 2. Nc3 Nc6 3. f4 e6 4. Nf3 Nge7 5. e5 a6 6. d3 Nf5 7. g4 Nfd4 8. Be3
d6 9. exd6 Bxd6 10. Ne4 Be7 11. c3 Nxf3+ 12. Qxf3 Qa5 13. Bg2 Bd7 14. O-O O-O
15. Qf2 Qc7 16. Nxc5 Rac8 17. f5 exf5 18. Nxd7 Qxd7 19. Qxf5 Qc7 20. d4 Bd6 21.
h4 Ne7 22. Qf3 {The game ended in a draw. The remaining moves are unavailable.}
1/2-1/2

[Event "Mechanics' Spring TNM; G/2"]
[Site "San Francisco"]
[Date "2016.04.12"]
[Round "5.15"]
[White "Uzzaman, Ashik"]
[Black "McCarty-Snead, Cal"]
[Result "1-0"]
[WhiteElo "1991"]
[BlackElo "1732"]
[PlyCount "137"]
[EventDate "2016.??.??"]

1. e4 e5 2. Nf3 Nc6 3. Nc3 Nf6 4. d4 exd4 5. Nd5 Be7 6. Nxd4 Nxd5 7. exd5 Nxd4
8. Qxd4 Bf6 9. Qc4 O-O 10. Be2 d6 11. O-O Bf5 12. Be3 Qd7 13. Rad1 a6 14. Bd4
Bxd4 15. Rxd4 c5 16. dxc6 bxc6 17. Rfd1 d5 18. Qa4 Qe6 19. Bf3 Qg6 20. b3 Rfe8
21. c4 Bc2 22. Rc1 Be4 23. Bxe4 dxe4 24. Rcd1 Qf6 25. Rd6 Rad8 26. Qxc6 Qe7 27.
Rxd8 Rxd8 28. Rxd8+ Qxd8 29. h3 h6 30. Qxe4 Qd1+ 31. Kh2 Qd6+ 32. f4 Qd2 33. a4
Qc3 34. Qf3 Qd4 35. Kg3 Kh7 36. a5 g6 37. h4 h5 38. Kh3 Qd7+ 39. f5 Qc8 40. Qd5
Kg7 41. Qe5+ Kh7 42. Kg3 gxf5 43. Kf4 Kg8 44. Kg5 Qd8+ 45. Qf6 Qd2+ 46. Kxh5
Qxa5 47. Kh6 Qd2+ 48. Qg5+ Qxg5+ 49. Kxg5 f4 50. Kxf4 Kf8 51. h5 Kg7 52. c5 Kf6
53. c6 Ke6 54. h6 a5 55. h7 Kd6 56. h8=Q Kxc6 57. Qe5 Kb6 58. Qd5 f5 59. Kxf5
Ka6 60. g4 Kb6 61. g5 Ka7 62. Qxa5+ Kb7 63. Qe5 Kc6 64. g6 Kd7 65. g7 Kc6 66.
g8=R Kb6 67. Rg6+ Kb7 68. Qe7+ Kc8 69. Rg8# 1-0

[Event "Mechanics' Fall TNM; G/2"]
[Site "San Francisco"]
[Date "2016.10.25"]
[Round "2.16"]
[White "Uzzaman, Ashik"]
[Black "Newey, Richard"]
[Result "1-0"]
[WhiteElo "1979"]
[BlackElo "1773"]
[Annotator "Donaldson"]
[PlyCount "43"]
[EventDate "2016.??.??"]

1. e4 c6 2. d4 d5 3. exd5 cxd5 4. Bd3 Nc6 5. c3 Nf6 6. Ne2 (6. Bf4 Bg4 7. Qb3
Na5 8. Qa4+ Bd7 9. Qc2 Qb6 10. a4 {to stop ...Bb5 trading off the bad bishop.}
e6 11. Nf3 {
was Fischer-Petrosian (game one) USSR vs. The World match, Belgrade 1970.})
6... e5 (6... Bg4 7. f3 Bh5 8. Nf4 Bg6 9. Nxg6 hxg6 {
and Black has a solid position in return for the two bishops.}) (6... g6 {
bolsters the kingside by fianchettoeing and the pawn on g6 keeps the knight
off f5.}) (6... e6 7. O-O Be7 8. Nd2 O-O 9. Nf3 {
favors White as Black's bishop on c8 has few prospects.}) 7. dxe5 Nxe5 8. Bb5+
Bd7 9. a4 (9. Bxd7+ Qxd7 10. O-O Rd8 (10... Bc5) 11. h3 Bc5 12. Bf4 (12. Bg5)
12... Ng6 13. Bh2 (13. Bg5) 13... O-O 14. Nd2 Qf5 (14... Ne4 15. Nb3 Bb6 16.
Nbd4 Rfe8 {with equal chances.}) 15. Nb3 Bd6 (15... Bb6) 16. Bxd6 Rxd6 17. Nbd4
{is like the game without a4 and ...a6. Chances are equal.}) 9... a6 10. Bxd7+
Qxd7 11. O-O Rd8 (11... Bc5) 12. h3 Bc5 13. Bf4 Ng6 14. Bh2 O-O 15. Nd2 Qf5 (
15... Ne4) (15... Rfe8) 16. Nb3 Bd6 (16... Ba7) 17. Bxd6 Rxd6 18. Nbd4 Qd7 19.
Ng3 Ne4 20. Ngf5 Rf6 21. Qg4 Nd6 $4 (21... Qd8 {
with only a slight edge for White.}) 22. Nh6+ 1-0

[Event "Mechanics' Fall TNM; G/2"]
[Site "San Francisco"]
[Date "2016.11.01"]
[Round "3.2"]
[White "Uzzaman, Ashik"]
[Black "O'Connor, Derek"]
[Result "0-1"]
[WhiteElo "1979"]
[BlackElo "2157"]
[PlyCount "92"]
[EventDate "2016.??.??"]

1. e4 c6 2. d4 d5 3. exd5 cxd5 4. Bd3 Nc6 5. c3 Qc7 6. Ne2 Bg4 7. f3 Bd7 8. O-O
Nf6 9. Re1 e5 10. dxe5 Nxe5 11. Nd4 O-O-O 12. Bf1 Bd6 13. a4 Rhg8 14. Na3 a6
15. Nab5 axb5 16. axb5 b6 17. Qa4 g5 18. Be3 Rde8 19. Bf2 Kd8 20. Qc2 Ke7 21.
Ra6 Kf8 22. Rxb6 Qxb6 23. Ne6+ Rxe6 24. Bxb6 Nxf3+ 25. gxf3 Rxe1 26. Kf2 Re6
27. h3 h5 28. c4 Bb4 29. Be2 Rxb6 30. c5 Rxb5 31. Bxb5 Bxb5 32. c6 Kg7 33. Qf5
Bd2 34. c7 Bd7 35. Qd3 Bf4 36. Kg2 h4 37. Qc3 Rc8 38. b4 Rxc7 39. Qd4 Rc2+ 40.
Kg1 Rc4 41. Qb2 Bd6 42. b5 Rb4 43. Qd2 Rb1+ 44. Kg2 Bxh3+ 45. Kf2 Bc5+ 46. Ke2
Bf1# 0-1

[Event "Mechanics' Fall TNM; G/2"]
[Site "San Francisco"]
[Date "2016.11.22"]
[Round "6.7"]
[White "Uzzaman, Ashik"]
[Black "Wong, Russell"]
[Result "0-1"]
[WhiteElo "1979"]
[BlackElo "2200"]
[PlyCount "64"]
[EventDate "2016.??.??"]

1. e4 Nf6 2. e5 Nd5 3. d4 d6 4. c4 Nb6 5. exd6 cxd6 6. Nc3 g6 7. Bd3 Bg7 8.
Nge2 Nc6 9. Be3 O-O 10. Rc1 e5 11. d5 Ne7 12. O-O f5 13. c5 f4 14. Bxf4 exf4
15. cxb6 Qxb6 16. Qb3 Qd8 17. f3 Nf5 18. Qb4 Ne3 19. Rf2 Be5 20. Nd4 a5 21. Qa4
Bd7 22. Bb5 Bxb5 23. Ncxb5 Rc8 24. Rxc8 Qxc8 25. Nc3 Re8 26. Ne6 Bxc3 27. bxc3
Nxd5 28. Nxf4 Re1+ 29. Rf1 Qc5+ 30. Qd4 Qxd4+ 31. cxd4 Rxf1+ 32. Kxf1 Nxf4 0-1

[Event "Mechanics' Fall TNM; G/2"]
[Site "San Francisco"]
[Date "2016.10.18"]
[Round "1.30"]
[White "Valente, Marty J"]
[Black "Andries, W Craig"]
[Result "0-1"]
[WhiteElo "1168"]
[BlackElo "1877"]
[PlyCount "78"]
[EventDate "2016.??.??"]

1. e4 g6 2. Nf3 c6 3. d4 Bg7 4. c3 d5 5. e5 h5 6. h4 Nh6 7. Be2 Na6 8. Nbd2 Nc7
9. Nf1 O-O 10. Ng3 Nf5 11. Nxf5 Bxf5 12. Nh2 f6 13. Bd3 fxe5 14. Bxf5 Rxf5 15.
O-O exd4 16. cxd4 e5 17. Bg5 Qf8 18. dxe5 Bxe5 19. Rb1 Ne6 20. Nf3 Nxg5 21.
Nxg5 Qf6 22. Qd2 Bf4 23. Qd3 Bxg5 24. hxg5 Qxg5 25. Rbe1 Raf8 26. Qe3 Qxe3 27.
Rxe3 Kg7 28. f3 R8f7 29. Rfe1 d4 30. Rd3 c5 31. b4 b6 32. a3 Kf6 33. Rc1 Re7
34. Kf2 Ke6 35. bxc5 bxc5 36. g3 Kd5 37. Rcd1 Rfe5 38. R3d2 Re3 39. a4 Ra3 0-1

[Event "Mechanics' Alan Benson TNM; G/2"]
[Site "San Francisco"]
[Date "2016.09.06"]
[Round "6.40"]
[White "Valente, Marty J"]
[Black "Boldi, Nicholas Ar"]
[Result "0-1"]
[WhiteElo "1168"]
[BlackElo "1160"]
[Annotator "Winslow,Elliott"]
[PlyCount "77"]
[EventDate "2016.??.??"]

1. e4 e6 2. d4 d5 3. exd5 exd5 4. Nf3 c5 5. Be3 Qb6 6. b3 Nc6 7. Nc3 Nf6 8. Bd3
Bg4 9. O-O cxd4 10. Na4 Qc7 11. Bd2 Be7 12. Be2 O-O 13. Nxd4 Nxd4 14. Bxg4 Qxc2
15. Bh3 Qxd1 16. Rfxd1 Ne6 17. Bc3 Rad8 18. Rd2 Ne4 19. Re2 b5 20. Bxg7 Kxg7
21. Nb2 d4 22. Rxe4 Rd6 23. Rae1 Rc8 24. Nd3 Rc3 25. g3 Rxd3 26. Bxe6 Rxe6 27.
Rxe6 fxe6 28. Rxe6 Kf7 29. Re2 Rd1+ 30. Kg2 d3 31. Re3 d2 32. Rd3 Bb4 33. Rd4
Ba5 (33... Re1) 34. b4 Bb6 35. Rd3 a5 36. a3 axb4 37. axb4 Ke6 38. f4 Rg1+ 39.
Kf3 0-1

[Event "Mechanics' Alan Benson TNM; G/2"]
[Site "San Francisco"]
[Date "2016.09.27"]
[Round "9.41"]
[White "Valente, Marty J"]
[Black "Cowgill, Jackie"]
[Result "1-0"]
[WhiteElo "1168"]
[BlackElo "991"]
[PlyCount "72"]
[EventDate "2016.??.??"]

1. e4 e5 2. Nf3 Nc6 3. d4 exd4 4. Bc4 d6 5. c3 Nf6 6. O-O Ne5 7. Bb3 Be7 8.
cxd4 Nxf3+ 9. Qxf3 O-O 10. Nc3 c6 11. Be3 b5 12. e5 d5 13. exf6 Bxf6 14. Rac1
Ba6 15. Rfe1 Bb7 16. Nb1 a5 17. a4 b4 18. Nd2 Rc8 19. Qg3 Kh8 20. Nf3 c5 21.
Bc2 Re8 22. Bg5 Qc7 23. Rxe8+ Rxe8 24. Bxf6 Qxg3 25. fxg3 gxf6 26. dxc5 Bc6 27.
Kf2 h6 28. b3 f5 29. Bxf5 f6 30. Re1 Rd8 31. Nd4 Bd7 32. Bxd7 Rxd7 33. c6 Rg7
34. Rc1 Rg4 35. c7 Rxd4 36. c8=Q+ Kg7 1-0

[Event "Mechanics' Alan Benson TNM; G/2"]
[Site "San Francisco"]
[Date "2016.08.02"]
[Round "1.29"]
[White "Valente, Marty J"]
[Black "Mays, Jerry L"]
[Result "0-1"]
[WhiteElo "1168"]
[BlackElo "1876"]
[Annotator "Donaldson"]
[PlyCount "106"]
[EventDate "2016.??.??"]

1. e4 c5 2. Nf3 Nc6 3. d4 cxd4 4. Nxd4 Nf6 5. Nc3 d6 6. Bc4 e6 7. O-O Be7 8.
Re1 O-O 9. b3 a6 10. a4 Ne5 11. Bd3 Qc7 12. Bb2 Qc5 13. Nf3 Neg4 14. Rf1 Bd8
15. Ne2 e5 16. Ba3 Qc6 17. h3 Bb6 18. hxg4 Bxg4 19. Ng3 h5 20. Be2 Nxe4 21.
Nxe4 Qxe4 22. Qd3 Qf4 23. Bc1 Qf6 24. Be3 Bf5 25. Qd2 d5 26. Bxb6 Qxb6 27. Qxd5
Bxc2 28. Bc4 e4 29. Ne1 Rad8 30. Qg5 Bd1 31. Qe3 Qd4 32. Qxd4 Rxd4 33. g3 Rb8
34. Ng2 Bg4 35. Rfe1 b5 36. axb5 axb5 37. Be2 Be6 38. Bxh5 Bxb3 39. Rab1 Bc4
40. Ne3 Bd3 41. Rb2 b4 42. Be2 Rc8 43. Bxd3 exd3 44. Nf1 f5 45. Nd2 Rc3 46. Nb3
Rdc4 47. Re3 Rc2 48. Rxc2 (48. Rb1 $16) 48... dxc2 49. Nc1 (49. Kg2 $11) 49...
Rd4 $17 50. Nd3 $2 Rxd3 51. Rxd3 c1=Q+ 52. Kh2 f4 53. Kg2 fxg3 0-1

[Event "Mechanics' Alan Benson TNM; G/2"]
[Site "San Francisco"]
[Date "2016.08.16"]
[Round "3.38"]
[White "Valente, Marty J"]
[Black "Revi, Frank"]
[Result "0-1"]
[WhiteElo "1168"]
[BlackElo "1387"]
[Annotator "Donaldson"]
[PlyCount "116"]
[EventDate "2016.??.??"]

1. e4 c5 2. Nf3 Nc6 3. d4 cxd4 4. Nxd4 Nf6 5. Nc3 d6 6. Be3 e6 7. f3 a6 8. Qd2
d5 9. O-O-O Bb4 10. a3 Ba5 11. Nb3 Bc7 12. exd5 exd5 13. Nxd5 O-O 14. Nxc7 Qxc7
15. Bf4 Ne5 16. Qd4 Bf5 17. Bd3 Nxd3+ 18. Rxd3 Qc8 19. Rc3 Qe8 20. Qf2 Nd5 21.
Rc4 Nxf4 22. Rxf4 Be6 23. Re1 Qc8 24. Nd4 Qc5 25. Qe3 Rac8 26. Re2 Bd7 27. Qb3
b5 28. Qb4 Qg5 29. g3 h5 30. Qe7 Qxe7 31. Rxe7 g5 32. Rf6 Kg7 33. Rxa6 Rcd8 34.
c3 Rfe8 35. Rxe8 Rxe8 36. Kd2 Rd8 37. Rd6 Kf8 38. Nxb5 Ke7 39. Rb6 $2 (39. c4
$18) 39... Bxb5+ 40. Kc2 Bd3+ 41. Kb3 Be2 42. a4 Bxf3 43. a5 Kd7 44. Kb4 Kc7
45. c4 Rd2 46. Kc5 Rxh2 47. b4 Rg2 48. Rh6 Rxg3 49. Rh7 Bc6 50. Rxf7+ Bd7 51.
b5 Rd3 52. a6 h4 53. b6+ Kb8 54. a7+ Kb7 55. Rxd7+ $4 (55. Rf8 $18) 55... Rxd7
56. a8=Q+ Kxa8 57. Kc6 Rb7 58. c5 h3 0-1

[Event "Mechanics' Fall TNM; G/2"]
[Site "San Francisco"]
[Date "2016.11.08"]
[Round "4.36"]
[White "Valente, Marty J"]
[Black "Sachs-Weintraub, J."]
[Result "0-1"]
[WhiteElo "1161"]
[BlackElo "1525"]
[Annotator "Donaldson"]
[PlyCount "76"]
[EventDate "2016.??.??"]

1. e4 c5 2. Nf3 Nc6 3. d4 e6 4. Be3 cxd4 5. Nxd4 Nf6 6. Nc3 Bb4 7. Bd3 Bxc3+ 8.
bxc3 Qa5 9. Qd2 O-O 10. O-O Ng4 11. Nxc6 bxc6 12. Bf4 e5 13. c4 Qd8 14. Bg3 Re8
15. f3 Nf6 16. Bh4 Re6 17. c5 d5 18. cxd6 Rxd6 19. Qf2 a5 20. f4 Re6 21. f5 Re8
22. Kh1 Ba6 23. Qe2 Bxd3 24. cxd3 Qd6 25. Rf3 Qd4 26. Rd1 Rab8 27. Bxf6 gxf6
28. Rg3+ Kf8 29. Qh5 Ke7 30. Rg7 Rf8 31. Rxh7 Qb2 32. h3 Qxa2 33. Qf3 Rb1 34.
Qf1 Rxd1 35. Qxd1 Rg8 36. Qg1 Qc2 37. Qa7+ Kd6 38. Qf2 $4 (38. Qg1 $11) 38...
Qxf2 0-1

[Event "Mechanics' Fall TNM; G/2"]
[Site "San Francisco"]
[Date "2016.11.22"]
[Round "6.34"]
[White "Valente, Marty J"]
[Black "Starr, Albert Mart"]
[Result "1-0"]
[WhiteElo "1161"]
[BlackElo "1511"]
[PlyCount "67"]
[EventDate "2016.??.??"]

1. e4 e5 2. Nf3 Nf6 3. Nxe5 d6 4. Nf3 Nxe4 5. Nc3 Nxc3 6. dxc3 Bg4 7. h3 Bh5 8.
Be3 Nd7 9. Bd3 Ne5 10. g4 Nxd3+ 11. cxd3 Bg6 12. Qe2 Qe7 13. Rd1 O-O-O 14. Bd4
Qxe2+ 15. Kxe2 Re8+ 16. Kd2 f6 17. Rde1 b6 18. Rxe8+ Bxe8 19. Re1 Bc6 20. Nh4
h5 21. Ng6 Rg8 22. f4 hxg4 23. hxg4 Bf3 24. Re8+ Kd7 25. Rxf8 Rxf8 26. Nxf8+
Ke8 27. Ne6 c5 28. Bf2 Kf7 29. Nc7 Bxg4 30. Nb5 Ke6 31. Nxa7 g5 32. Be3 Bf5 33.
fxg5 fxg5 34. Bxg5 1-0

[Event "Mechanics' Fall TNM; G/2"]
[Site "San Francisco"]
[Date "2016.12.06"]
[Round "8.35"]
[White "Valente, Marty J"]
[Black "Stearman, Micah"]
[Result "1-0"]
[WhiteElo "1161"]
[BlackElo "1011"]
[PlyCount "37"]
[EventDate "2016.??.??"]

1. e4 e5 2. Nf3 Nc6 3. d4 exd4 4. Nxd4 Bb4+ 5. c3 Bc5 6. Be3 Nf6 7. Nxc6 bxc6
8. Bxc5 Nxe4 9. Be3 O-O 10. Bd3 Nf6 11. O-O d5 12. Nd2 Qd6 13. Nf3 Ng4 14. Qd2
Re8 15. Bf4 Qf6 16. h3 Nh6 17. Bxh6 gxh6 18. Rae1 Rxe1 19. Rxe1 {and White won.
} 1-0

[Event "Mechanics' Winter TNM; G/2"]
[Site "San Francisco"]
[Date "2016.02.02"]
[Round "5.7"]
[White "Vickers, Keith"]
[Black "Anderson, Michael"]
[Result "1-0"]
[WhiteElo "2200"]
[BlackElo "1946"]
[Annotator "Anderson"]
[PlyCount "55"]
[EventDate "2016.??.??"]

1. d4 f5 2. Nc3 Nf6 3. Bg5 d5 4. Bxf6 exf6 5. e3 c6 6. Bd3 Be6 7. Qf3 g6 8.
Nge2 Bd6 9. h3 h5 $4 $16 10. g4 hxg4 11. hxg4 Rxh1+ 12. Qxh1 Nd7 $4 $18 13.
gxf5 gxf5 14. Bxf5 Bxf5 15. Qh5+ Ke7 16. Qxf5 Qh8 17. O-O-O Rg8 18. Nf4 Kd8 $4
19. Ne6+ Kc8 20. e4 Qh6+ 21. Kb1 Bb4 22. exd5 cxd5 23. a3 Bxc3 24. bxc3 Nb6 25.
Nf4+ Kb8 26. Nxd5 Na4 27. Qd7 Nb6 28. Qd6+ 1-0